[Event "PRO League KO Stage"]
[Site "chess.com INT"]
[Date "2017.03.25"]
[Round "4.6"]
[White "Rosenthal, Nicholas"]
[Black "Hansen, Eric"]
[Result "1/2-1/2"]
[WhiteElo "2169"]
[BlackElo "2616"]
[PlyCount "117"]
[GameId "2130307635428625"]
[EventDate "2017.03.01"]
[EventType "k.o."]
[EventRounds "5"]
[EventCountry "USA"]
[SourceTitle "The Week in Chess 1168"]
[Source "Mark Crowther"]
[SourceDate "2017.03.27"]
[SourceVersion "1"]
[SourceVersionDate "2017.03.27"]
[SourceQuality "2"]
[WhiteTeam "St Louis Arch Bishops"]
[BlackTeam "Montreal ChessBrahs"]

1. e4 c5 2. Nf3 e6 3. d3 Nc6 4. g3 d5 5. Nbd2 Bd6 6. Bg2 Nge7 7. O-O O-O 8. Re1 f6 9. d4 c4 10. c3 Rb8 11. Nh4 b5 12. f4 b4 13. Nf1 bxc3 14. bxc3 Qa5 15. Bd2 Rb2 16. Ne3 Nxd4 17. Bc1 Rxg2+ 18. Nhxg2 Qxc3 19. Rb1 Qd3 20. Bb2 Bc5 21. exd5 exd5 22. Kh1 Ndc6 23. Qf3 Qe4 24. Qxe4 dxe4 25. Nxc4 f5 26. Rbd1 Be6 27. Nge3 Nb4 28. Ne5 h6 29. a3 Nbd5 30. N3c4 Rb8 31. Rb1 Bf2 32. Rec1 e3 33. Kg2 Nf6 34. Bd4 Bd5+ 35. Kf1 Rxb1 36. Rxb1 Ng4 37. h3 Nxe5 38. Nxe5 Be4 39. Rb8+ Kh7 40. Ke2 Nd5 41. Nf7 Bxg3 42. Rh8+ Kg6 43. Ne5+ Kh5 44. Bxe3 Bxf4 45. Bxf4 Nxf4+ 46. Ke3 Nxh3 47. Rg8 g6 48. Rxg6 Ng5 49. Rg7 Kh4 50. Rxa7 h5 51. Rg7 f4+ 52. Kxf4 Ne6+ 53. Kxe4 Nxg7 54. a4 Ne6 55. a5 Kg3 56. Ng6 Kg4 57. Kd5 Nc7+ 58. Kc6 Na6 59. Kb6 1/2-1/2

[Event "PRO League KO Stage"]
[Site "chess.com INT"]
[Date "2017.03.25"]
[Round "4.7"]
[White "So, Wesley"]
[Black "Hansen, Eric"]
[Result "1-0"]
[WhiteElo "2822"]
[BlackElo "2616"]
[PlyCount "45"]
[GameId "2130307635428632"]
[EventDate "2017.03.01"]
[EventType "k.o."]
[EventRounds "5"]
[EventCountry "USA"]
[SourceTitle "The Week in Chess 1168"]
[Source "Mark Crowther"]
[SourceDate "2017.03.27"]
[SourceVersion "1"]
[SourceVersionDate "2017.03.27"]
[SourceQuality "2"]
[WhiteTeam "St Louis Arch Bishops"]
[BlackTeam "Montreal ChessBrahs"]

1. e4 e5 2. Nf3 Nc6 3. Bb5 Nf6 4. O-O Nxe4 5. d4 Nd6 6. Bxc6 dxc6 7. dxe5 Nf5 8. Qxd8+ Kxd8 9. h3 Ke8 10. Nc3 h5 11. Bg5 Be7 12. Rad1 Be6 13. b3 Rd8 14. Rxd8+ Bxd8 15. Rd1 Bxg5 16. Nxg5 Ke7 17. g3 Bc8 18. Ne2 c5 19. Nf4 Nd4 20. c3 Nc6 21. e6 Ne5 22. exf7 Kf6 23. f8=Q+ 1-0

[Event "PRO League KO Stage"]
[Site "chess.com INT"]
[Date "2017.03.25"]
[Round "4.8"]
[White "Hansen, Eric"]
[Black "Akobian, Varuzhan"]
[Result "1/2-1/2"]
[WhiteElo "2616"]
[BlackElo "2645"]
[PlyCount "126"]
[GameId "2130307635428635"]
[EventDate "2017.03.01"]
[EventType "k.o."]
[EventRounds "5"]
[EventCountry "USA"]
[SourceTitle "The Week in Chess 1168"]
[Source "Mark Crowther"]
[SourceDate "2017.03.27"]
[SourceVersion "1"]
[SourceVersionDate "2017.03.27"]
[SourceQuality "2"]
[WhiteTeam "Montreal ChessBrahs"]
[BlackTeam "St Louis Arch Bishops"]

1. e4 d6 2. d4 Nf6 3. Nc3 c6 4. Nf3 Bg4 5. h3 Bh5 6. Be2 e6 7. O-O d5 8. e5 Nfd7 9. Nd2 Bg6 10. Nb3 c5 11. f4 Nc6 12. dxc5 Nxc5 13. Kh2 Rc8 14. Nxc5 Bxc5 15. Bd3 O-O 16. Bxg6 fxg6 17. Bd2 a6 18. Qg4 Nd4 19. Rac1 Rc6 20. Rfe1 Nf5 21. Ne2 Qc7 22. c3 Ba7 23. Qf3 Qa5 24. a3 Qb5 25. Rb1 Rc4 26. Qd3 Qb3 27. Nc1 Qb6 28. Ne2 h5 29. b3 Re4 30. Ng3 Rxe1 31. Rxe1 h4 32. Nxf5 Rxf5 33. c4 dxc4 34. bxc4 Qf2 35. Rf1 Qd4 36. Qxd4 Bxd4 37. Rb1 b6 38. g4 hxg3+ 39. Kxg3 g5 40. Kg4 gxf4 41. Bxf4 Bc5 42. h4 Rf7 43. Kf3 Rc7 44. Rb3 Kf7 45. h5 Rc6 46. Ke4 Be7 47. Kd3 a5 48. a4 Bb4 49. Be3 Kg8 50. Rb2 Kh7 51. Rg2 Bc5 52. Bxc5 Rxc5 53. Kd4 Rc7 54. Rg6 Rc6 55. Kd3 Kh8 56. h6 gxh6 57. Rxh6+ Kg8 58. Rf6 Kg7 59. Kd4 Kg8 60. Kd3 Kg7 61. Kd4 Kg8 62. Rf4 Kg7 63. Rf6 Kg8 1/2-1/2

[Event "PRO League KO Stage"]
[Site "chess.com INT"]
[Date "2017.03.25"]
[Round "4.9"]
[White "Akobian, Varuzhan"]
[Black "Hansen, Eric"]
[Result "1-0"]
[WhiteElo "2645"]
[BlackElo "2616"]
[PlyCount "81"]
[GameId "2130307635428640"]
[EventDate "2017.03.01"]
[EventType "k.o."]
[EventRounds "5"]
[EventCountry "USA"]
[SourceTitle "The Week in Chess 1168"]
[Source "Mark Crowther"]
[SourceDate "2017.03.27"]
[SourceVersion "1"]
[SourceVersionDate "2017.03.27"]
[SourceQuality "2"]
[WhiteTeam "St Louis Arch Bishops"]
[BlackTeam "Montreal ChessBrahs"]

1. d4 Nf6 2. c4 g6 3. Nc3 d5 4. Nf3 Bg7 5. Bf4 O-O 6. Rc1 dxc4 7. e4 Bg4 8. Bxc4 Nh5 9. Be3 Bxf3 10. gxf3 e5 11. dxe5 Bxe5 12. Qxd8 Rxd8 13. Ne2 Nc6 14. O-O Na5 15. b3 c6 16. f4 Bc7 17. e5 Ng7 18. Ng3 Nxc4 19. bxc4 b6 20. c5 b5 21. Ne4 Ne6 22. Nd6 a5 23. f5 gxf5 24. f4 b4 25. Kf2 Kf8 26. Rg1 Rab8 27. Rg3 b3 28. axb3 Rxb3 29. Nxf5 Rdd3 30. Nd6 Bxd6 31. cxd6 c5 32. f5 Rb2+ 33. Ke1 Nd4 34. Bh6+ Ke8 35. Rxd3 Re2+ 36. Kd1 Rxh2 37. Rxd4 cxd4 38. Rc8+ Kd7 39. Rc7+ Ke8 40. e6 fxe6 41. fxe6 1-0

[Event "Tata Steel GpB"]
[Site "Wijk aan Zee NED"]
[Date "2017.01.16"]
[Round "3.5"]
[White "Ragger, Markus"]
[Black "Hansen, Eric"]
[Result "1-0"]
[WhiteElo "2697"]
[BlackElo "2603"]
[PlyCount "47"]
[GameId "2130307636649783"]
[EventDate "2017.01.14"]
[EventType "tourn"]
[EventRounds "13"]
[EventCountry "NED"]
[EventCategory "14"]
[SourceTitle "10 Days #496"]
[Source "Chess Mix"]
[SourceDate "2017.02.01"]
[SourceVersion "1"]
[SourceVersionDate "2017.02.01"]
[SourceQuality "1"]

1. e4 e5 2. Nf3 Nc6 3. Bb5 Nf6 4. d3 d6 5. c3 Be7 6. O-O O-O 7. Re1 a6 8. Ba4 Nd7 9. d4 exd4 10. cxd4 Nb6 11. Bb3 Bg4 12. Nc3 Kh8 13. Be3 f5 14. exf5 Bf6 15. Ne4 Bxf3 16. Qxf3 Nxd4 17. Bxd4 Bxd4 18. Rad1 c5 19. Qh5 h6 20. Qg6 d5 21. f6 Qc7 22. Ng5 gxf6 23. Qxh6+ Kg8 24. Ne6 1-0

[Event "Tata Steel GpB"]
[Site "Wijk aan Zee NED"]
[Date "2017.01.17"]
[Round "4.2"]
[White "Hansen, Eric"]
[Black "Van Foreest, Jorden"]
[Result "1-0"]
[WhiteElo "2603"]
[BlackElo "2612"]
[PlyCount "65"]
[GameId "2130307636649787"]
[EventDate "2017.01.14"]
[EventType "tourn"]
[EventRounds "13"]
[EventCountry "NED"]
[EventCategory "14"]
[SourceTitle "10 Days #496"]
[Source "Chess Mix"]
[SourceDate "2017.02.01"]
[SourceVersion "1"]
[SourceVersionDate "2017.02.01"]
[SourceQuality "1"]

1. e4 c5 2. Nf3 e6 3. d4 cxd4 4. Nxd4 Nc6 5. Nc3 Qc7 6. Be3 a6 7. Qd2 Nf6 8. O-O-O Bb4 9. f3 O-O 10. Kb1 b5 11. g4 Bb7 12. g5 Nh5 13. a3 Be7 14. Nb3 Rfd8 15. Qf2 Rdb8 16. Bb6 Qc8 17. h4 Bd8 18. Bxd8 Qxd8 19. Bh3 Nf4 20. Qd2 Nxh3 21. Rxh3 Qb6 22. g6 fxg6 23. h5 Qd8 24. hxg6 h6 25. Nc5 Ne5 26. f4 Nxg6 27. Rg1 Qf6 28. Rhg3 Nf8 29. Nxd7 Nxd7 30. Qxd7 g5 31. fxg5 Qe5 32. gxh6+ Kh8 33. Rg7 1-0

[Event "Tata Steel GpB"]
[Site "Wijk aan Zee NED"]
[Date "2017.01.19"]
[Round "5.6"]
[White "L'Ami, Erwin"]
[Black "Hansen, Eric"]
[Result "1/2-1/2"]
[WhiteElo "2605"]
[BlackElo "2603"]
[PlyCount "74"]
[GameId "2130307636649798"]
[EventDate "2017.01.14"]
[EventType "tourn"]
[EventRounds "13"]
[EventCountry "NED"]
[EventCategory "14"]
[SourceTitle "10 Days #496"]
[Source "Chess Mix"]
[SourceDate "2017.02.01"]
[SourceVersion "1"]
[SourceVersionDate "2017.02.01"]
[SourceQuality "1"]

1. d4 Nf6 2. c4 g6 3. Nc3 d5 4. cxd5 Nxd5 5. e4 Nxc3 6. bxc3 Bg7 7. Nf3 c5 8. Rb1 O-O 9. Be2 b6 10. O-O Bb7 11. Qd3 e6 12. Bg5 Qc7 13. Qe3 Nd7 14. h4 Nf6 15. Bxf6 Bxf6 16. e5 Bg7 17. Ng5 Rad8 18. Rbd1 Rd7 19. f4 h6 20. Ne4 Bxe4 21. Qxe4 cxd4 22. cxd4 Rfd8 23. Rf3 h5 24. Kh2 Rd5 25. Rfd3 b5 26. Qe3 Qb6 27. Bf3 R5d7 28. Qg1 Bf8 29. d5 Qxg1+ 30. Kxg1 exd5 31. Bxd5 Bc5+ 32. Kf1 Kf8 33. Ke2 Ke7 34. g3 Bb6 35. Be4 Rxd3 36. Bxd3 Rd4 37. Bc2 Rxd1 1/2-1/2

[Event "Tata Steel GpB"]
[Site "Wijk aan Zee NED"]
[Date "2017.01.21"]
[Round "7.1"]
[White "Lei, Tingjie"]
[Black "Hansen, Eric"]
[Result "1/2-1/2"]
[WhiteElo "2467"]
[BlackElo "2603"]
[PlyCount "81"]
[GameId "2130307636649806"]
[EventDate "2017.01.14"]
[EventType "tourn"]
[EventRounds "13"]
[EventCountry "NED"]
[EventCategory "14"]
[SourceTitle "10 Days #496"]
[Source "Chess Mix"]
[SourceDate "2017.02.01"]
[SourceVersion "1"]
[SourceVersionDate "2017.02.01"]
[SourceQuality "1"]

1. d4 Nf6 2. c4 g6 3. g3 Bg7 4. Bg2 d5 5. cxd5 Nxd5 6. Nf3 O-O 7. O-O Nc6 8. e4 Nb6 9. d5 Na5 10. Nc3 c6 11. Bf4 Nac4 12. dxc6 Qxd1 13. Nxd1 bxc6 14. e5 Nd5 15. Rc1 Ncb6 16. Nd4 Bd7 17. Re1 Rac8 18. Bd2 c5 19. Nb3 c4 20. Na5 Be6 21. Bf1 Rfd8 22. Nxc4 Nxc4 23. Rxc4 Nc7 24. Rxc7 Rxd2 25. Rxc8+ Bxc8 26. a3 Bh6 27. h4 Be6 28. f4 Bb3 29. Ne3 Rxb2 30. Rc1 Bf8 31. Rc8 Ra2 32. Rc3 Ba4 33. e6 fxe6 34. Bc4 Ra1+ 35. Kf2 Kf7 36. Ng4 Bg7 37. Ne5+ Bxe5 38. fxe5 Bc6 39. Bxe6+ Kxe6 40. Rxc6+ Kxe5 41. Ra6 1/2-1/2

[Event "Tata Steel GpB"]
[Site "Wijk aan Zee NED"]
[Date "2017.01.22"]
[Round "8.4"]
[White "Grandelius, Nils"]
[Black "Hansen, Eric"]
[Result "1/2-1/2"]
[WhiteElo "2642"]
[BlackElo "2603"]
[PlyCount "67"]
[GameId "2130307636649816"]
[EventDate "2017.01.14"]
[EventType "tourn"]
[EventRounds "13"]
[EventCountry "NED"]
[EventCategory "14"]
[SourceTitle "10 Days #496"]
[Source "Chess Mix"]
[SourceDate "2017.02.01"]
[SourceVersion "1"]
[SourceVersionDate "2017.02.01"]
[SourceQuality "1"]

1. e4 e5 2. Nf3 Nc6 3. Bc4 Bc5 4. O-O Nf6 5. d3 d6 6. c3 a6 7. a4 Ba7 8. Re1 h6 9. Nbd2 O-O 10. h3 Ne7 11. d4 Ng6 12. Bb3 Re8 13. Bc2 b5 14. Nf1 Bd7 15. Ng3 c5 16. Be3 exd4 17. cxd4 c4 18. Qd2 Bb6 19. a5 Bc7 20. Bxh6 gxh6 21. Qxh6 Qe7 22. e5 dxe5 23. dxe5 Nh7 24. e6 Bxe6 25. Bxg6 fxg6 26. Qxg6+ Kh8 27. Nh5 Qd7 28. Ng5 Bg8 29. Nxh7 Bxh7 30. Qf6+ Kg8 31. Qg5+ Kh8 32. Qf6+ Kg8 33. Qg5+ Kh8 34. Qf6+ 1/2-1/2

[Event "Tata Steel GpB"]
[Site "Wijk aan Zee NED"]
[Date "2017.01.24"]
[Round "9.6"]
[White "Hansen, Eric"]
[Black "Dobrov, Vladimir"]
[Result "1-0"]
[WhiteElo "2603"]
[BlackElo "2499"]
[PlyCount "54"]
[GameId "2130307636649825"]
[EventDate "2017.01.14"]
[EventType "tourn"]
[EventRounds "13"]
[EventCountry "NED"]
[EventCategory "14"]
[SourceTitle "10 Days #496"]
[Source "Chess Mix"]
[SourceDate "2017.02.01"]
[SourceVersion "1"]
[SourceVersionDate "2017.02.01"]
[SourceQuality "1"]

1. e4 e6 2. d4 d5 3. Nc3 Nf6 4. Bg5 dxe4 5. Nxe4 Be7 6. Bxf6 Bxf6 7. Nf3 Nd7 8. Qd2 b6 9. O-O-O Bb7 10. Qf4 Qe7 11. Bc4 O-O-O 12. Rhe1 Kb8 13. c3 h6 14. h4 Rhg8 15. h5 g5 16. hxg6 Rxg6 17. d5 Bg5 18. Nfxg5 hxg5 19. d6 cxd6 20. Qxd6+ Qxd6 21. Nxd6 Bc6 22. Nxf7 Rf8 23. Bxe6 Nc5 24. Bc4 b5 25. Ne5 bxc4 26. Nxg6 Rxf2 27. Ne5 Kc7 1-0

[Event "Tata Steel GpB"]
[Site "Wijk aan Zee NED"]
[Date "2017.01.25"]
[Round "10.2"]
[White "Lu, Shanglei"]
[Black "Hansen, Eric"]
[Result "0-1"]
[WhiteElo "2612"]
[BlackElo "2603"]
[PlyCount "40"]
[GameId "2130307636649828"]
[EventDate "2017.01.14"]
[EventType "tourn"]
[EventRounds "13"]
[EventCountry "NED"]
[EventCategory "14"]
[SourceTitle "10 Days #496"]
[Source "Chess Mix"]
[SourceDate "2017.02.01"]
[SourceVersion "1"]
[SourceVersionDate "2017.02.01"]
[SourceQuality "1"]

1. Nc3 d5 2. e4 dxe4 3. Nxe4 Nf6 4. Nxf6+ exf6 5. d4 Bd6 6. Bd3 O-O 7. c3 Re8+ 8. Ne2 c5 9. Be3 Nd7 10. Qc2 g6 11. O-O-O Qc7 12. Qd2 c4 13. Bb1 Nb6 14. h4 Nd5 15. h5 Bg4 16. Rh4 f5 17. Rdh1 Re7 18. Bc2 Rae8 19. Ba4 Rxe3 20. hxg6 fxg6 0-1

[Event "Tata Steel GpB"]
[Site "Wijk aan Zee NED"]
[Date "2017.01.27"]
[Round "11.7"]
[White "Hansen, Eric"]
[Black "Jones, Gawain C"]
[Result "0-1"]
[WhiteElo "2603"]
[BlackElo "2665"]
[PlyCount "124"]
[GameId "2130307636649840"]
[EventDate "2017.01.14"]
[EventType "tourn"]
[EventRounds "13"]
[EventCountry "NED"]
[EventCategory "14"]
[SourceTitle "10 Days #496"]
[Source "Chess Mix"]
[SourceDate "2017.02.01"]
[SourceVersion "1"]
[SourceVersionDate "2017.02.01"]
[SourceQuality "1"]

1. e4 e5 2. Nf3 Nc6 3. Bb5 a6 4. Ba4 Nf6 5. O-O b5 6. Bb3 Bc5 7. c3 d6 8. d4 Bb6 9. a4 Rb8 10. axb5 axb5 11. Na3 O-O 12. Nxb5 Bg4 13. Re1 Bxf3 14. gxf3 Nh5 15. f4 Nxf4 16. Bxf4 exf4 17. Ba4 Ne7 18. b4 Qd7 19. Qd3 Ra8 20. c4 Nc6 21. Reb1 Nxd4 22. Nxd4 Rxa4 23. Nf5 Rxa1 24. Rxa1 g6 25. c5 gxf5 26. cxb6 cxb6 27. e5 d5 28. Rd1 Rc8 29. Kg2 Qa4 30. Qxf5 Rc6 31. Qd3 Rg6+ 32. Kh1 Qxb4 33. Qxd5 Kg7 34. Qf3 Qc4 35. h4 h6 36. Rg1 Rxg1+ 37. Kxg1 b5 38. Qg4+ Kf8 39. Qd7 b4 40. Qd6+ Kg7 41. e6 Qxe6 42. Qxb4 Qg4+ 43. Kf1 Qh3+ 44. Ke1 Qh1+ 45. Ke2 Qxh4 46. Qe4 Qg5 47. Kf1 h5 48. Qf3 Qf5 49. Qc3+ Kg8 50. Qf3 Kh7 51. Ke1 Qg4 52. Qd3+ Qg6 53. Qf3 Qg1+ 54. Kd2 Qg4 55. Qd5 Kg6 56. Qd8 Qf5 57. Qg8+ Kf6 58. Qd8+ Kg7 59. Ke2 f3+ 60. Kd2 Qe5 61. Qh4 Kg6 62. Kd3 Qf5+ 0-1

[Event "Tata Steel GpB"]
[Site "Wijk aan Zee NED"]
[Date "2017.01.28"]
[Round "12.7"]
[White "Guramishvili, Sopiko"]
[Black "Hansen, Eric"]
[Result "1/2-1/2"]
[WhiteElo "2370"]
[BlackElo "2603"]
[PlyCount "64"]
[GameId "2130307636649847"]
[EventDate "2017.01.14"]
[EventType "tourn"]
[EventRounds "13"]
[EventCountry "NED"]
[EventCategory "14"]
[SourceTitle "10 Days #496"]
[Source "Chess Mix"]
[SourceDate "2017.02.01"]
[SourceVersion "1"]
[SourceVersionDate "2017.02.01"]
[SourceQuality "1"]

1. d4 Nf6 2. c4 g6 3. Nc3 d5 4. Bf4 Bg7 5. e3 c5 6. dxc5 Qa5 7. Rc1 dxc4 8. Bxc4 O-O 9. Nf3 Qxc5 10. Bb3 Qa5 11. O-O Nc6 12. h3 Bf5 13. Qe2 Ne4 14. g4 Nxc3 15. bxc3 Bc8 16. Rfd1 b6 17. Ng5 Ba6 18. Qf3 Rac8 19. Nxf7 Rxf7 20. Bxf7+ Kxf7 21. Bc7+ Bf6 22. Qxc6 h5 23. Rd8 Rxd8 24. Bxd8 Qxa2 25. c4 hxg4 26. hxg4 Qe2 27. g5 Bb2 28. Qd5+ Ke8 29. Qg8+ Kd7 30. Qd5+ Ke8 31. Qg8+ Kd7 32. Qd5+ Ke8 1/2-1/2

[Event "Tata Steel GpB"]
[Site "Wijk aan Zee NED"]
[Date "2017.01.29"]
[Round "13.3"]
[White "Hansen, Eric"]
[Black "Smirin, Ilia"]
[Result "1-0"]
[WhiteElo "2603"]
[BlackElo "2667"]
[PlyCount "51"]
[GameId "2130307636649850"]
[EventDate "2017.01.14"]
[EventType "tourn"]
[EventRounds "13"]
[EventCountry "NED"]
[EventCategory "14"]
[SourceTitle "10 Days #496"]
[Source "Chess Mix"]
[SourceDate "2017.02.01"]
[SourceVersion "1"]
[SourceVersionDate "2017.02.01"]
[SourceQuality "1"]

1. e4 c5 2. Nf3 e6 3. d4 cxd4 4. Nxd4 a6 5. Bd3 Ne7 6. O-O Nbc6 7. Nb3 Ng6 8. a4 b6 9. f4 Be7 10. Be3 d6 11. c3 O-O 12. N1d2 Bb7 13. Qf3 e5 14. f5 Nf4 15. Bc2 d5 16. Bxf4 exf4 17. exd5 Ne5 18. Qxf4 Re8 19. Ne4 Qxd5 20. f6 Ng6 21. Qf2 gxf6 22. Nd4 Rad8 23. Rae1 Kf8 24. Bb3 Qe5 25. Nxf6 Qxf6 26. Qg3 1-0

[Event "PRO League Group Stage"]
[Site "chess.com INT"]
[Date "2017.02.11"]
[Round "5"]
[White "Carlsen, Magnus"]
[Black "Hansen, Eric"]
[Result "1-0"]
[WhiteElo "2840"]
[BlackElo "2603"]
[PlyCount "87"]
[GameId "2130307636783536"]
[EventDate "2017.01.11"]
[EventType "team"]
[EventRounds "7"]
[EventCountry "USA"]
[SourceTitle "The Week in Chess 1162"]
[Source "Mark Crowther"]
[SourceDate "2017.02.13"]
[SourceVersion "3"]
[SourceVersionDate "2017.02.17"]
[SourceQuality "2"]
[WhiteTeam "Norway Gnomes"]
[BlackTeam "Montreal ChessBrahs"]

1. e4 e5 2. Nf3 Nc6 3. Bb5 a6 4. Ba4 Nf6 5. O-O Be7 6. d3 d6 7. c3 O-O 8. Re1 b5 9. Bc2 Re8 10. Nbd2 Bf8 11. Nf1 Nb8 12. d4 Nbd7 13. Ng3 Bb7 14. b3 g6 15. a4 Bg7 16. Bd3 d5 17. Bg5 dxe4 18. Bxe4 Bxe4 19. Nxe4 exd4 20. Nxd4 c5 21. Nc6 Qc7 22. Qd6 Qxd6 23. Nxd6 Rxe1+ 24. Rxe1 bxa4 25. bxa4 Bf8 26. Ne7+ Kg7 27. a5 Rb8 28. h3 Rb3 29. c4 Rd3 30. Bf4 Rd4 31. Bg3 h5 32. Kf1 Rd3 33. Bf4 Rd4 34. g3 Rd3 35. Ndc8 Bxe7 36. Rxe7 Kf8 37. Bh6+ Kg8 38. Be3 Ra3 39. Nd6 Rxa5 40. Kg2 Ra2 41. Rxf7 g5 42. Re7 g4 43. h4 a5 44. Bh6 1-0

[Event "PRO League Group Stage"]
[Site "chess.com INT"]
[Date "2017.02.11"]
[Round "5"]
[White "Hansen, Eric"]
[Black "Nordquelle, Daniel"]
[Result "1-0"]
[WhiteElo "2603"]
[BlackElo "2083"]
[PlyCount "59"]
[GameId "2130307636787690"]
[EventDate "2017.01.11"]
[EventType "team"]
[EventRounds "7"]
[EventCountry "USA"]
[SourceTitle "The Week in Chess 1162"]
[Source "Mark Crowther"]
[SourceDate "2017.02.13"]
[SourceVersion "3"]
[SourceVersionDate "2017.02.17"]
[SourceQuality "2"]
[WhiteTeam "Montreal ChessBrahs"]
[BlackTeam "Norway Gnomes"]

1. e4 c5 2. Nf3 d6 3. c3 Nf6 4. Be2 Bd7 5. d3 Bc6 6. O-O e6 7. Re1 Be7 8. Nbd2 Nbd7 9. Bf1 O-O 10. d4 Qc7 11. d5 exd5 12. exd5 Bxd5 13. Rxe7 Bc6 14. c4 d5 15. cxd5 Nxd5 16. Re1 Rad8 17. a3 b5 18. Qc2 a6 19. Ne4 Bb7 20. Bg5 f6 21. Bd2 Rc8 22. Rac1 Rfd8 23. Ng3 c4 24. Nd4 Nc5 25. Ne6 Nxe6 26. Rxe6 Qd7 27. Rce1 Nc7 28. Re7 Qxd2 29. Rxg7+ Kxg7 30. Re7+ 1-0

[Event "PRO League Group Stage"]
[Site "chess.com INT"]
[Date "2017.02.11"]
[Round "5"]
[White "Tari, Aryan"]
[Black "Hansen, Eric"]
[Result "1/2-1/2"]
[WhiteElo "2584"]
[BlackElo "2603"]
[PlyCount "250"]
[GameId "2130307636791898"]
[EventDate "2017.01.11"]
[EventType "team"]
[EventRounds "7"]
[EventCountry "USA"]
[SourceTitle "The Week in Chess 1162"]
[Source "Mark Crowther"]
[SourceDate "2017.02.13"]
[SourceVersion "3"]
[SourceVersionDate "2017.02.17"]
[SourceQuality "2"]
[WhiteTeam "Norway Gnomes"]
[BlackTeam "Montreal ChessBrahs"]

1. c4 c5 2. Nf3 Nf6 3. d4 cxd4 4. Nxd4 e6 5. Nc3 Nc6 6. Bf4 d6 7. Nxc6 bxc6 8. e3 Be7 9. Be2 O-O 10. O-O a5 11. Qc2 e5 12. Bg3 Qc7 13. Rfd1 Be6 14. Rac1 Rfe8 15. Na4 Rab8 16. Bf3 Nd7 17. b3 Bf8 18. e4 Rb4 19. Qd2 Reb8 20. Qe3 h6 21. Be2 g5 22. f3 Rxa4 23. bxa4 Nc5 24. Rb1 Ra8 25. Bf2 Nd7 26. Qb3 c5 27. Be3 Qd8 28. Qc2 Nb8 29. Bxc5 Nc6 30. Be3 Rc8 31. Qd2 Qf6 32. Rb5 Rd8 33. Qe1 Bg7 34. Rb6 Nd4 35. Bf1 g4 36. fxg4 Qg6 37. h3 Rc8 38. Rxd6 Qxe4 39. Bxd4 Qxe1 40. Rxe1 exd4 41. Bd3 Bf8 42. Ra6 Rb8 43. Rxa5 Rb2 44. c5 Rd2 45. Be4 d3 46. c6 Re2 47. Rd1 Rxe4 48. Rxd3 Rc4 49. Ra8 Kg7 50. a5 Rxc6 51. a6 Rc1+ 52. Kf2 Rc2+ 53. Kg3 Rxa2 54. a7 Bc5 55. Rdd8 Bxa7 56. Rg8+ Kf6 57. Rh8 Bf2+ 58. Kh2 Be3 59. Rxa2 Bxa2 60. Kg3 Be6 61. Rd8 Bb6 62. Rd1 Kg7 63. Rb1 Bc5 64. Rc1 Be3 65. Re1 Bd4 66. Rd1 Bc5 67. Rc1 Ba7 68. Ra1 Bd4 69. Rd1 Be5+ 70. Kf2 Kf6 71. Kf3 Ke7 72. g3 Kf6 73. h4 Kg6 74. Re1 Bd5+ 75. Kf2 Bd4+ 76. Kf1 Be6 77. Kg2 Kf6 78. Kf3 Bd5+ 79. Kf4 Bb6 80. g5+ hxg5+ 81. hxg5+ Kg6 82. Re8 Bc7+ 83. Kg4 Be6+ 84. Kh4 Kg7 85. Ra8 Be5 86. Ra7 Bd4 87. Ra8 Be3 88. Ra3 Bd2 89. Rd3 Bb4 90. Rd4 Bc5 91. Ra4 Kg6 92. Ra8 Be7 93. Rg8+ Kh7 94. Re8 Bc5 95. Kh5 Bf5 96. Kh4 Bg6 97. Rc8 Bd4 98. Rd8 Be5 99. Re8 Bg7 100. Rb8 Bd4 101. Rd8 Bf2 102. Rd2 Bb6 103. Rd6 Ba5 104. Ra6 Bb4 105. Rb6 Bf8 106. Rb8 Kg7 107. Rc8 Bf5 108. Rd8 Be6 109. Re8 Bf5 110. Rd8 Be6 111. Re8 Bb4 112. Rd8 Be1 113. Rd1 Bf2 114. Rd2 Be3 115. Rd3 Bc1 116. Rd1 Bb2 117. Rd2 Be5 118. Rd8 Kg6 119. Rg8+ Kf5 120. Kh5 Bxg3 121. Ra8 Kf4 122. Ra4+ Kf3 123. Ra3+ Kg2 124. g6 fxg6+ 125. Kxg6 Kh3 1/2-1/2

[Event "PRO League Group Stage"]
[Site "chess.com INT"]
[Date "2017.02.15"]
[Round "6"]
[White "Hansen, Eric"]
[Black "Dominguez Perez, Leinier"]
[Result "0-1"]
[WhiteElo "2603"]
[BlackElo "2739"]
[PlyCount "72"]
[GameId "2130307636796109"]
[EventDate "2017.01.11"]
[EventType "team"]
[EventRounds "7"]
[EventCountry "USA"]
[SourceTitle "The Week in Chess 1163"]
[Source "Mark Crowther"]
[SourceDate "2017.02.20"]
[SourceVersion "1"]
[SourceVersionDate "2017.02.20"]
[SourceQuality "2"]
[WhiteTeam "Montreal ChessBrahs"]
[BlackTeam "Miami Champions"]

1. e4 e5 2. Nf3 Nc6 3. Bb5 a6 4. Ba4 Nf6 5. O-O Be7 6. Re1 b5 7. Bb3 d6 8. c3 O-O 9. h3 Nb8 10. d4 Nbd7 11. Nbd2 Bb7 12. Bc2 Re8 13. a4 Bf8 14. Bd3 c6 15. Qc2 Rc8 16. b3 g6 17. Bb2 Nh5 18. Bf1 Nf4 19. Rad1 exd4 20. cxd4 d5 21. Qb1 Qb6 22. Re3 c5 23. g3 Ne6 24. exd5 Bxd5 25. Ne5 Nxe5 26. Rxe5 Rcd8 27. axb5 axb5 28. Qd3 Bg7 29. Ree1 Bxd4 30. Bxd4 Nxd4 31. Qc3 Bb7 32. Rxe8+ Rxe8 33. f3 c4 34. Kg2 Ne2 35. Bxe2 Rxe2+ 36. Kh1 Qf2 0-1

[Event "PRO League Group Stage"]
[Site "chess.com INT"]
[Date "2017.02.15"]
[Round "6"]
[White "Pozo Vera, Sandro"]
[Black "Hansen, Eric"]
[Result "0-1"]
[WhiteElo "2428"]
[BlackElo "2603"]
[PlyCount "126"]
[GameId "2130307636800283"]
[EventDate "2017.01.11"]
[EventType "team"]
[EventRounds "7"]
[EventCountry "USA"]
[SourceTitle "The Week in Chess 1163"]
[Source "Mark Crowther"]
[SourceDate "2017.02.20"]
[SourceVersion "1"]
[SourceVersionDate "2017.02.20"]
[SourceQuality "2"]
[WhiteTeam "Miami Champions"]
[BlackTeam "Montreal ChessBrahs"]

1. d4 Nf6 2. c4 e6 3. Nf3 b6 4. a3 Bb7 5. Nc3 g6 6. d5 exd5 7. cxd5 Bg7 8. Bf4 O-O 9. e3 Re8 10. Rc1 c6 11. d6 h6 12. h3 c5 13. Bc4 Ne4 14. O-O Nxc3 15. bxc3 Qf6 16. Nh2 g5 17. Bg3 Qg6 18. Nf3 Nc6 19. Bd5 Na5 20. Bxb7 Nxb7 21. Qd5 Na5 22. Nd2 Qe6 23. Qf3 Nc6 24. Rfd1 f5 25. Bh2 Qf7 26. g4 Rf8 27. gxf5 Qxf5 28. Qxf5 Rxf5 29. Bg3 Re8 30. Kg2 h5 31. e4 Rf7 32. f3 Bh6 33. Rc2 g4 34. hxg4 hxg4 35. fxg4 Bxd2 36. Rcxd2 Rxe4 37. g5 Rg4 38. Rd5 Rg7 39. Re1 R4xg5 40. Rxg5 Rxg5 41. Re8+ Kf7 42. Re4 Rd5 43. Rf4+ Kg6 44. Rg4+ Rg5 45. Re4 Kf5 46. Rf4+ Ke6 47. Re4+ Kd5 48. Re8 Kc4 49. Rc8 Rg7 50. Kf3 Kxc3 51. Rxc6 Rf7+ 52. Ke4 dxc6 53. Bh4 Rb7 54. Ke5 Kb3 55. Ke6 Kxa3 56. Bd8 Rh7 57. Bf6 Kb3 58. d7 Rxd7 59. Kxd7 c4 60. Kxc6 c3 61. Kb7 c2 62. Bg5 a5 63. Kxb6 a4 0-1